Geography Quiz

Random Geography or World Quiz

'G' Countries by Length Quiz Stats

Quiz Updated Jul 7, 2016

Challenge
Share
Tweet
Embed
Score 0/5 Timer 00:30
5 Plays Today
Length Country/Countries % Correct
6Guinea, The Gambia, Guyana, Greece
87.3%
5Gabon, Ghana
87%
7Georgia, Germany, Grenada
83.8%
9Guatemala
58.7%
12Guinea-Bissau
46.4%

You're not logged in!

Compare scores with friends on all Sporcle quizzes.
Sign Up with Email
OR
Log In

You Might Also Like...

Show Comments

Extras

Top Quizzes Today


Score Distribution

Your Account Isn't Verified!

In order to create a playlist on Sporcle, you need to verify the email address you used during registration. Go to your Sporcle Settings to finish the process.